000 00556nam a22001817a 4500
005 20231023143920.0
008 231023b |||||||| |||| 00| 0 eng d
020 _a9781485108016
041 _aEnglish
082 _a347 ERA
100 _avan Loggerenberg, DE
_lEnglish
245 _aEramus Superior Court Practice /
_cDE van Loggerenberg
250 _aSecond Edition
260 _aCape Town :
_bJuta and Company (Pty) Ltd,
_c2015
300 _biii, 220 pages ;
_c26.5 cm.
650 _aLegal practice
_bLaw
942 _cBK
_6ALISON_B_N__VRIES
999 _c14
_d14